Alasto Be Rabbikum: (Record no. 595031)
[ view plain ]
| 000 -LEADER | |
|---|---|
| fixed length control field | 00570nam a22001577a 4500 |
| 020 ## - INTERNATIONAL STANDARD BOOK NUMBER | |
| International Standard Book Number | 9789692208734 |
| 082 ## - DEWEY DECIMAL CLASSIFICATION NUMBER | |
| Classification number | 297.4 |
| Author Mark | AZE |
| 100 ## - MAIN ENTRY--PERSONAL NAME | |
| Personal name | Azeemi, Khawaja Shams Ul Deen |
| 245 ## - TITLE STATEMENT | |
| Title | Alasto Be Rabbikum: |
| Statement of responsibility, etc. | Khawaja Shams Ul Deen Azeemi |
| 260 ## - PUBLICATION, DISTRIBUTION, ETC. | |
| Place of publication, distribution, etc. | Karachi : |
| Name of publisher, distributor, etc. | Azeemi University Press, |
| Date of publication, distribution, etc. | 2022. |
| 300 ## - PHYSICAL DESCRIPTION | |
| Extent | 180 p. ; |
| Dimensions | 22 cm. |
| 563 ## - BINDING INFORMATION | |
| Binding note | HBK. |
| 650 ## - SUBJECT ADDED ENTRY--TOPICAL TERM | |
| Topical term or geographic name entry element | تصوف |
| 880 ## - ALTERNATE GRAPHIC REPRESENTATION | |
| Linkage | 245-02\r |
| Title | اَلَستْ بِرَبِّکْم: ساری مخلوق نے کہا، ہم اعتراف کرتے ہیں کہ آپ ہمارے رب ہیں |
| 942 ## - ADDED ENTRY ELEMENTS (KOHA) | |
| Source of classification or shelving scheme | |
| Koha item type | Book |
| 650 ## - SUBJECT ADDED ENTRY--TOPICAL TERM | |
| -- | 113847 |
| Withdrawn status | Lost status | Source of classification or shelving scheme | Damaged status | Not for loan | Permanent Location | Current Location | Shelving location | Date acquired | Source of acquisition | Total Checkouts | Full call number | Barcode | Date last seen | Price effective from | Koha item type | Total Renewals | Date last checked out |
|---|---|---|---|---|---|---|---|---|---|---|---|---|---|---|---|---|---|
| Central Library (CL) | Central Library (CL) | First Floor - Islam | 06/27/2023 | Donated by Khawaja Shams Ul Deen Azeemi | 297.4 AZE | CL-D-2345 | 06/27/2023 | 06/27/2023 | Book | ||||||||
| Central Library (CL) | Central Library (CL) | First Floor - Islam | 06/27/2023 | Donated by Khawaja Shams Ul Deen Azeemi | 2 | 297.4 AZE | CL-D-2346 | 05/04/2026 | 06/27/2023 | Book | 4 | 02/16/2026 |
